Slovak Republic : 2017 Article IV Consultation-Press Release; Staff Report; and Informational Annex for Slovak Republic.

This 2017 Article IV Consultation highlights projected moderate 2016 real GDP growth in the Slovak Republic, but still at a robust 3.3 percent. Growth continues to benefit from an improving labor market, low inflation, and strong household credit growth. The output gap is now closed. Fiscal consolid...

Πλήρης περιγραφή

Λεπτομέρειες βιβλιογραφικής εγγραφής
Συγγραφή απο Οργανισμό/Αρχή: International Monetary Fund. European Dept
Μορφή: Επιστημονικό περιοδικό
Γλώσσα:English
Έκδοση: Washington, D.C. : International Monetary Fund, 2017.
Σειρά:IMF Staff Country Reports; Country Report ; No. 2017/071
Διαθέσιμο Online:Full text available on IMF
LEADER 01732cas a2200241 a 4500
001 AALejournalIMF017521
008 230101c9999 xx r poo 0 0eng d
020 |c 5.00 USD 
020 |z 9781475587883 
022 |a 1934-7685 
040 |a BD-DhAAL  |c BD-DhAAL 
110 2 |a International Monetary Fund.  |b European Dept. 
245 1 0 |a Slovak Republic :   |b 2017 Article IV Consultation-Press Release; Staff Report; and Informational Annex for Slovak Republic. 
264 1 |a Washington, D.C. :  |b International Monetary Fund,  |c 2017. 
300 |a 1 online resource (59 pages) 
490 1 |a IMF Staff Country Reports 
500 |a <strong>Off-Campus Access:</strong> No User ID or Password Required 
500 |a <strong>On-Campus Access:</strong> No User ID or Password Required 
506 |a Electronic access restricted to authorized BRAC University faculty, staff and students 
520 3 |a This 2017 Article IV Consultation highlights projected moderate 2016 real GDP growth in the Slovak Republic, but still at a robust 3.3 percent. Growth continues to benefit from an improving labor market, low inflation, and strong household credit growth. The output gap is now closed. Fiscal consolidation resumed in 2016, and the fiscal deficit is estimated to have narrowed to 2 percent of GDP. The outlook is favorable, with growth expected to peak at 3.9 percent in 2019 and settle at about 3.5 percent thereafter, reflecting greater export capacity as a result of investment in the automotive industry. 
538 |a Mode of access: Internet 
830 0 |a IMF Staff Country Reports; Country Report ;  |v No. 2017/071 
856 4 0 |z Full text available on IMF  |u http://elibrary.imf.org/view/journals/002/2017/071/002.2017.issue-071-en.xml  |z IMF e-Library